[Event "XVIII Festival A"]
[Site "Campobasso ITA"]
[Date "2011.07.23"]
[Round "4"]
[White "Mrdja, Milan"]
[Black "Lattanzio, Savino"]
[Result "1-0"]
[WhiteElo "2389"]
[BlackElo "2061"]
[PlyCount "75"]
[EventDate "2011.07.22"]

1. e4 c5 2. Nf3 e6 3. d4 cxd4 4. Nxd4 a6 5. Bd3 Nf6 6. Qe2 d6 7. c4 Nbd7 8. O-O
Be7 9. Nc3 Qc7 10. f4 b6 11. Be3 Bb7 12. Bf2 O-O 13. Rac1 Rfc8 14. b4 Qd8 15.
f5 Nf8 16. Rfd1 N6d7 17. fxe6 fxe6 18. Nf3 Ng6 19. Bc2 Nde5 20. Nxe5 Nxe5 21.
Bb3 Kh8 22. c5 bxc5 23. bxc5 Qf8 24. Bxe6 Rd8 25. Bd5 Nc6 26. Rb1 Rab8 27. Rxb7
Rxb7 28. Bxc6 Rc7 29. Ba4 dxc5 30. Nd5 Ra7 31. e5 Rb8 32. h3 Rab7 33. Bb3 a5
34. Qe4 g6 35. e6 a4 36. Qxa4 Bd6 37. Qc4 Qf5 38. Ne3 1-0

[Event "XVIII Festival A"]
[Site "Campobasso ITA"]
[Date "2011.07.23"]
[Round "4"]
[White "Petruccioli, Antonio"]
[Black "D'Aquino, Ugo"]
[Result "1-0"]
[WhiteElo "2104"]
[BlackElo "1925"]
[PlyCount "73"]
[EventDate "2011.07.22"]

1. e4 c5 2. Nc3 Nc6 3. f4 e6 4. g3 d5 5. e5 Nge7 6. Bg2 Nf5 7. Nf3 Be7 8. O-O
O-O 9. Ne2 c4 10. b3 Bc5+ 11. Kh1 b5 12. a4 cxb3 13. axb5 Ncd4 14. cxb3 Nxb5
15. d4 Bb6 16. Qd3 Bd7 17. g4 Ne7 18. Bd2 a5 19. h4 f5 20. exf6 gxf6 21. Ng3
Nd6 22. Rfe1 f5 23. g5 Ne4 24. Kh2 Bc7 25. Ne5 Bxe5 26. fxe5 Nf2 27. Qe2 Ng4+
28. Kh3 Nc6 29. Bc3 Qb6 30. Qd2 f4 31. Nh5 Ne3 32. Nf6+ Rxf6 33. gxf6 Qxb3 34.
Reb1 Qc4 35. Bf1 Nxf1 36. Rxf1 Rb8 37. Qg2+ 1-0

[Event "XVIII Festival A"]
[Site "Campobasso ITA"]
[Date "2011.07.23"]
[Round "4"]
[White "Quarto, Silvano"]
[Black "Gatti, Francesco"]
[Result "1/2-1/2"]
[WhiteElo "1731"]
[BlackElo "1790"]
[PlyCount "62"]
[EventDate "2011.07.22"]

1. d4 Nf6 2. c4 g6 3. Nc3 Bg7 4. e4 d6 5. Nf3 O-O 6. Be2 e5 7. dxe5 dxe5 8.
Qxd8 Rxd8 9. Bg5 Re8 10. O-O-O c6 11. Ne1 a5 12. Nc2 Na6 13. f3 Nc7 14. a3 Ne6
15. Be3 Nd7 16. b4 axb4 17. axb4 b6 18. Kb2 c5 19. Ra1 Bb7 20. Nb5 Bf8 21. bxc5
bxc5 22. Rhb1 Nd4 23. Bd1 Nxb5 24. cxb5 Nb6 25. Na3 Red8 26. Be2 f5 27. Nc4
Nxc4+ 28. Bxc4+ Kh8 29. Rxa8 Bxa8 30. exf5 gxf5 31. Kc2 e4 1/2-1/2

[Event "XVIII Festival A"]
[Site "Campobasso ITA"]
[Date "2011.07.23"]
[Round "4"]
[White "Santeramo, Domenico"]
[Black "Collutiis, Duilio"]
[Result "0-1"]
[WhiteElo "1967"]
[BlackElo "2468"]
[PlyCount "64"]
[EventDate "2011.07.22"]

1. e4 c5 2. Nf3 Nc6 3. Bb5 e6 4. Nc3 Nge7 5. d4 cxd4 6. Nxd4 a6 7. Bxc6 bxc6 8.
O-O e5 9. Nf3 Ng6 10. Be3 Be7 11. Na4 Rb8 12. c4 d6 13. b3 O-O 14. Nc3 f5 15.
exf5 Bxf5 16. Qd2 h6 17. Ne1 Rb7 18. Rd1 Rd7 19. Na4 d5 20. Nb6 Rb7 21. cxd5
Rxb6 22. d6 Bg5 23. Bxb6 Qxb6 24. Qc3 Nf4 25. Kh1 Bf6 26. Nc2 Be4 27. Ne3 Kh8
28. Qc4 Bd5 29. Qa4 e4 30. Ng4 Nd3 31. f3 exf3 32. gxf3 Nb2 0-1

[Event "XVIII Festival A"]
[Site "Campobasso ITA"]
[Date "2011.07.23"]
[Round "4"]
[White "Seletsky, Grigory"]
[Black "Dragojlovic, Andjelko"]
[Result "0-1"]
[WhiteElo "2296"]
[BlackElo "2380"]
[PlyCount "48"]
[EventDate "2011.07.22"]

1. e4 c5 2. Nf3 g6 3. d4 cxd4 4. Nxd4 Bg7 5. c4 Qb6 6. Nb5 a6 7. Qa4 Nf6 8. Be3
Qc6 9. N1c3 b6 10. Nd4 Qb7 11. Be2 Nc6 12. O-O Nxe4 13. Nxe4 Bxd4 14. Bh6 Qc7
15. Rad1 Bb7 16. Bf3 Bxb2 17. c5 b5 18. Qb3 Be5 19. Rfe1 f6 20. Nc3 e6 21. Ne4
O-O-O 22. Nd6+ Bxd6 23. cxd6 Qa5 24. Bd2 Qa4 0-1

[Event "XVIII Festival A"]
[Site "Campobasso ITA"]
[Date "2011.07.23"]
[Round "4"]
[White "Stromboli, Ettore"]
[Black "Pescatore, Lorenzo"]
[Result "1-0"]
[WhiteElo "2304"]
[BlackElo "2121"]
[PlyCount "69"]
[EventDate "2011.07.22"]

1. e4 Nc6 2. Nf3 e5 3. Nc3 Nf6 4. a3 d5 5. exd5 Nxd5 6. Bb5 Nxc3 7. bxc3 Bd6 8.
d4 Bd7 9. O-O O-O 10. Rb1 Bg4 11. Bxc6 bxc6 12. dxe5 Bxf3 13. Qxf3 Bxe5 14.
Qxc6 Qd6 15. Qxd6 Bxd6 16. Rd1 Rab8 17. Be3 Rxb1 18. Rxb1 Bxa3 19. Bxa7 Ra8 20.
Be3 Bb2 21. Bd4 g6 22. Kf1 Ra1 23. Rxa1 Bxa1 24. Ke2 Kf8 25. Kd3 Bb2 26. c4 Bc1
27. Be3 Ba3 28. c5 Bb4 29. c3 Ba5 30. c6 Ke7 31. Bc5+ Ke6 32. Kc4 Ke5 33. Bd4+
Kd6 34. Kb5 Bxc3 35. Bxc3 1-0

[Event "XVIII Festival A"]
[Site "Campobasso ITA"]
[Date "2011.07.23"]
[Round "4"]
[White "Valsecchi, Alessio"]
[Black "Gaponenko, Inna"]
[Result "1/2-1/2"]
[WhiteElo "2354"]
[BlackElo "2442"]
[PlyCount "47"]
[EventDate "2011.07.22"]

1. d4 Nf6 2. c4 e6 3. g3 d5 4. Nf3 dxc4 5. Bg2 Nc6 6. O-O Rb8 7. Bg5 Be7 8. e3
b5 9. b3 cxb3 10. axb3 Bb7 11. Qe2 O-O 12. Rc1 h6 13. Bxf6 Bxf6 14. Nc3 a6 15.
Ne4 e5 16. d5 Nb4 17. Nxf6+ Qxf6 18. e4 c6 19. Qd2 Qd6 20. Nxe5 cxd5 21. exd5
Nxd5 22. Bxd5 Qxe5 23. Bxb7 Rxb7 24. Rxa6 1/2-1/2

[Event "XVIII Festival A"]
[Site "Campobasso ITA"]
[Date "2011.07.23"]
[Round "4"]
[White "Voiteanu, Gabriel"]
[Black "Sabia, Corrado"]
[Result "1/2-1/2"]
[WhiteElo "2313"]
[BlackElo "2191"]
[PlyCount "85"]
[EventDate "2011.07.22"]

1. d4 Nf6 2. c4 c5 3. d5 b5 4. Nd2 bxc4 5. e4 c3 6. bxc3 d6 7. Ngf3 g6 8. Bb5+
Bd7 9. Rb1 Bg7 10. O-O O-O 11. Re1 Bxb5 12. Rxb5 Nbd7 13. Nc4 Ng4 14. Qb3 a6
15. Rb7 Rb8 16. h3 Nge5 17. Nfxe5 Nxe5 18. Nxe5 Bxe5 19. Bh6 Re8 20. Rb1 Rxb7
21. Qxb7 Bxc3 22. Qxa6 Bg7 23. Bg5 h6 24. Bh4 g5 25. Bg3 Qa8 26. Qb5 Rc8 27.
Qd7 Bf6 28. h4 Rd8 29. Qc7 Rc8 30. Qd7 Rd8 31. Qg4 Qxa2 32. Re1 Rb8 33. hxg5
hxg5 34. Re3 Qa1+ 35. Kh2 Kg7 36. Bf4 Rh8+ 37. Rh3 Rxh3+ 38. gxh3 Qf1 39. Bxg5
Qxf2+ 40. Kh1 Bxg5 41. Qxg5+ Kf8 42. Qg4 Qf1+ 43. Kh2 1/2-1/2

[Event "XVIII Festival A"]
[Site "Campobasso ITA"]
[Date "2011.07.24"]
[Round "5"]
[White "Borino, Paolo"]
[Black "Di Lascio, Savino"]
[Result "0-1"]
[WhiteElo "1917"]
[BlackElo "1982"]
[PlyCount "79"]
[EventDate "2011.07.22"]

1. e4 c6 2. d4 d5 3. Nc3 dxe4 4. Nxe4 Nf6 5. Nxf6+ gxf6 6. Nf3 Bf5 7. Be3 Nd7
8. Bd3 h5 9. Bxf5 Qa5+ 10. Qd2 Qxf5 11. O-O-O Nb6 12. Qd3 Qd5 13. Kb1 h4 14. h3
e6 15. Rhg1 a5 16. Nd2 a4 17. c4 Qa5 18. d5 cxd5 19. Bxb6 Qxb6 20. cxd5 Rd8 21.
Nc4 Qc5 22. Ne3 Bh6 23. Ng4 Bg5 24. d6 f5 25. Nh2 Rd7 26. Nf3 Bf6 27. Rd2 Qb4
28. Rc1 O-O 29. Rc4 Qa5 30. Nxh4 b5 31. Qg3+ Bg7 32. Rcd4 a3 33. b4 Qa7 34.
R4d3 Qb6 35. Nf3 f6 36. Rxa3 Rc8 37. Ne1 Kf7 38. Nc2 Qc6 39. Qf3 Qc4 40. Ra8
0-1

[Event "XVIII Festival A"]
[Site "Campobasso ITA"]
[Date "2011.07.24"]
[Round "5"]
[White "Bottega, Antonio"]
[Black "Ionescu, Doru-Alexandru"]
[Result "0-1"]
[WhiteElo "1959"]
[BlackElo "2376"]
[PlyCount "82"]
[EventDate "2011.07.22"]

1. d4 g6 2. e4 Bg7 3. Nc3 c5 4. Nf3 Qa5 5. Qd3 Nf6 6. Qb5 Qxb5 7. Nxb5 Na6 8.
e5 Nd5 9. c3 cxd4 10. Nbxd4 O-O 11. Bc4 Nac7 12. Bg5 h6 13. Bd2 b6 14. O-O Bb7
15. Rae1 Rac8 16. Nh4 Ne6 17. Nxe6 dxe6 18. Bxd5 Bxd5 19. f4 Bxa2 20. Ra1 Bc4
21. Rfe1 a6 22. Be3 Rb8 23. Nf3 a5 24. Nd4 Rfc8 25. b3 Bd5 26. c4 Ba8 27. Nb5
g5 28. Red1 gxf4 29. Bxf4 Rc5 30. Ra2 Bxe5 31. Be3 Rcc8 32. Bxh6 f6 33. Rad2
Kf7 34. Be3 a4 35. Na7 Rh8 36. bxa4 Bxh2+ 37. Kf2 Rbg8 38. Kf1 Be5 39. Bxb6
Rh1+ 40. Ke2 Rxg2+ 41. Kd3 Rh3+ 0-1

[Event "XVIII Festival A"]
[Site "Campobasso ITA"]
[Date "2011.07.24"]
[Round "5"]
[White "Cangiano, Federico"]
[Black "Ficco, Corrado"]
[Result "0-1"]
[WhiteElo "1957"]
[BlackElo "2127"]
[PlyCount "68"]
[EventDate "2011.07.22"]

1. d4 f5 2. Nf3 Nf6 3. g3 g6 4. Bg2 Bg7 5. O-O O-O 6. c4 d6 7. Nc3 c6 8. Qc2
Qc7 9. Qb3 h6 10. d5 Kh7 11. Rd1 Bd7 12. Nd4 Na6 13. a3 Nc5 14. Qc2 a5 15. b3
e5 16. dxe6 Nxe6 17. Nxe6 Bxe6 18. Rb1 Rad8 19. a4 Rfe8 20. h4 Bc8 21. Bb2 Qe7
22. Rd2 f4 23. Rbd1 fxg3 24. f3 Qe3+ 25. Kh1 Bf5 26. Qc1 Qe7 27. e4 Bc8 28. Ba3
Nh5 29. Bxd6 Qxh4+ 30. Kg1 Qh2+ 31. Kf1 Rxd6 32. Rxd6 Bh3 33. R1d2 Nf4 34. Ke1
Qg1+ 0-1

[Event "XVIII Festival A"]
[Site "Campobasso ITA"]
[Date "2011.07.24"]
[Round "5"]
[White "Chicco, Giancarlo"]
[Black "Della Rocca, Giuseppe"]
[Result "1/2-1/2"]
[WhiteElo "1457"]
[BlackElo "1866"]
[PlyCount "120"]
[EventDate "2011.07.22"]

1. b3 Nf6 2. Bb2 d6 3. g3 e5 4. Bg2 Nc6 5. e4 Be7 6. Ne2 O-O 7. d3 Be6 8. Nd2
Re8 9. O-O Bf8 10. h3 Qd7 11. Kh2 d5 12. exd5 Bxd5 13. a3 Bxg2 14. Kxg2 Nd5 15.
b4 Rad8 16. Nc3 f5 17. Nxd5 Qxd5+ 18. f3 a6 19. Re1 g6 20. Re2 Bg7 21. Qe1 b6
22. g4 Nd4 23. Bxd4 Qxd4 24. Nb3 Qd5 25. Rd1 e4 26. fxe4 fxe4 27. Kg1 c5 28.
Nd2 Bd4+ 29. Kh2 Qd6+ 30. Kg2 Bc3 31. Rxe4 Qd5 32. Kh2 Rxe4 33. Qxe4 Qf7 34.
Qc4 cxb4 35. Qxf7+ Kxf7 36. axb4 Bxb4 37. Ne4 Rc8 38. c4 Rc6 39. Ng5+ Kg7 40.
Rf1 Bd2 41. Ne4 Be3 42. h4 a5 43. g5 Bd4 44. Rb1 a4 45. Rb4 a3 46. Ra4 Bb2 47.
Ra7+ Kf8 48. Ra8+ Ke7 49. Ra7+ Ke6 50. Kg3 Rc7 51. Ra6 Ke5 52. Kf3 Rd7 53. Ke2
Kf4 54. c5 b5 55. c6 Rc7 56. Nc5 Ke5 57. Nb3 b4 58. Ke3 Kd5 59. Rb6 Rxc6 60.
Rxb4 Ra6 1/2-1/2

[Event "XVIII Festival A"]
[Site "Campobasso ITA"]
[Date "2011.07.24"]
[Round "5"]
[White "Collutiis, Duilio"]
[Black "Valsecchi, Alessio"]
[Result "1-0"]
[WhiteElo "2468"]
[BlackElo "2354"]
[PlyCount "55"]
[EventDate "2011.07.22"]

1. c4 Nf6 2. g3 e6 3. b3 d5 4. Bb2 Be7 5. Nf3 O-O 6. Bg2 c5 7. O-O Nc6 8. e3 d4
9. exd4 cxd4 10. Re1 Re8 11. a3 a5 12. Ne5 Nxe5 13. Rxe5 Nd7 14. Rb5 e5 15. d3
Qc7 16. b4 axb4 17. axb4 Rxa1 18. Bxa1 b6 19. Bh3 Bb7 20. Bxd7 Qxd7 21. Rxb6
Ra8 22. Nd2 Bd6 23. Rb5 Bc7 24. Bb2 Ra2 25. Qb3 Qg4 26. Qxa2 Qd1+ 27. Nf1 Bh1
28. Qa6 1-0

[Event "XVIII Festival A"]
[Site "Campobasso ITA"]
[Date "2011.07.24"]
[Round "5"]
[White "Colucci, Stefano"]
[Black "Molinari, Carlo"]
[Result "0-1"]
[WhiteElo "1903"]
[BlackElo "1987"]
[PlyCount "128"]
[EventDate "2011.07.22"]

1. d4 e6 2. e4 c5 3. Nf3 cxd4 4. Nxd4 Nf6 5. Bd3 Be7 6. Nc3 d6 7. Be3 a6 8. a4
Qc7 9. O-O O-O 10. a5 d5 11. exd5 exd5 12. Nf5 Bxf5 13. Bxf5 Qe5 14. Bh3 Nc6
15. Re1 Bd6 16. g3 d4 17. Bf4 Qh5 18. Qxh5 Nxh5 19. Bxd6 dxc3 20. Bxf8 cxb2 21.
Rab1 Kxf8 22. Rxb2 Nxa5 23. Re5 Nc4 24. Rxh5 Nxb2 25. Rxh7 Ra7 26. Rh4 b5 27.
Bg2 a5 28. Rh8+ Ke7 29. Rb8 b4 30. Kf1 Kd6 31. Ke2 Rc7 32. Kd2 Nc4+ 33. Kc1 Re7
34. Rd8+ Kc7 35. Rd1 Kb6 36. Bf1 Kc5 37. Kb1 a4 38. Ka2 Na5 39. h4 Nc6 40. Kb2
Nd4 41. c3 a3+ 42. Ka2 b3+ 43. Kxa3 Ra7+ 44. Kb2 Ra2+ 45. Kb1 Nc2 46. Kc1 Na3
47. Rd2 Rxd2 48. Kxd2 b2 49. Bd3 b1=Q 50. Bxb1 Nxb1+ 51. Kd3 Kd5 52. g4 Ke5 53.
c4 Na3 54. c5 Nb5 55. Kc4 Nc7 56. h5 Kf4 57. f3 Ne6 58. Kd5 Kxf3 59. c6 Kxg4
60. Kd6 Kxh5 61. Ke7 Kg6 62. Ke8 f5 63. Ke7 Nc7 64. Kd7 Nb5 0-1

[Event "XVIII Festival A"]
[Site "Campobasso ITA"]
[Date "2011.07.24"]
[Round "5"]
[White "D'Aquino, Ugo"]
[Black "Quarto, Silvano"]
[Result "1/2-1/2"]
[WhiteElo "1925"]
[BlackElo "1731"]
[PlyCount "105"]
[EventDate "2011.07.22"]

1. e4 c5 2. Nf3 d6 3. d4 cxd4 4. Nxd4 Nf6 5. Nc3 g6 6. Be2 Bg7 7. O-O O-O 8.
Be3 Nc6 9. Kh1 Bd7 10. f4 Qc8 11. Qd3 Bg4 12. Bxg4 Nxg4 13. Nd5 Qd7 14. Bg1 e6
15. Nc3 Nf6 16. Ndb5 Rfd8 17. Rad1 Bf8 18. f5 Qe7 19. fxe6 fxe6 20. Nxd6 Ne8
21. Bc5 Nxd6 22. Rxf8+ Qxf8 23. Bxd6 Qxd6 24. Qxd6 Rxd6 25. Rxd6 Re8 26. Rd7
Re7 27. Rxe7 Nxe7 28. Kg1 Nc6 29. Nb5 a6 30. Nd6 b6 31. Nc4 b5 32. Ne3 Kf7 33.
Kf2 Kf6 34. c3 h5 35. Nc2 Ne5 36. Ke2 Ke7 37. h3 Kd6 38. b3 a5 39. Nd4 b4 40.
c4 Nd7 41. Ke3 Nc5 42. Nf3 a4 43. bxa4 Nxa4 44. Kd4 Nc3 45. c5+ Kc7 46. Nd2
Nxa2 47. Kc4 Kc6 48. Kb3 Nc1+ 49. Kxb4 Nd3+ 50. Kc4 Nxc5 51. Kd4 Nd7 52. e5 Nb6
53. Ne4 1/2-1/2

[Event "XVIII Festival A"]
[Site "Campobasso ITA"]
[Date "2011.07.24"]
[Round "5"]
[White "Di Meo, Antonio"]
[Black "Stromboli, Carlo"]
[Result "0-1"]
[WhiteElo "1978"]
[BlackElo "2304"]
[PlyCount "53"]
[EventDate "2011.07.22"]

1. b3 Nf6 2. Bb2 g6 3. Nf3 Bg7 4. e3 O-O 5. c4 d6 6. d4 Nbd7 7. Nc3 e5 8. Bd3
Re8 9. Qc2 Qe7 10. dxe5 dxe5 11. e4 c6 12. Ne2 a5 13. a3 Nh5 14. O-O Nc5 15.
Ne1 Ne6 16. Nf3 Nef4 17. Rfd1 Bg4 18. Ng3 Nxg2 19. Nxh5 Bxf3 20. Nxg7 Qg5 21.
Kf1 Bxd1 22. Rxd1 Kxg7 23. Bc1 Nf4 24. Be3 Red8 25. f3 Qh4 26. Kg1 Rxd3 27.
Rxd3 0-1

[Event "XVIII Festival A"]
[Site "Campobasso ITA"]
[Date "2011.07.24"]
[Round "5"]
[White "Di Muccio, Lindoro"]
[Black "Bove, Raffaele"]
[Result "1-0"]
[WhiteElo "1964"]
[BlackElo "1905"]
[PlyCount "51"]
[EventDate "2011.07.22"]

1. d4 Nf6 2. c4 g6 3. Nc3 Bg7 4. e4 d6 5. Nf3 Nc6 6. h3 O-O 7. Be3 e5 8. d5 Ne7
9. c5 c6 10. dxc6 Nxc6 11. cxd6 Ne8 12. Bb5 Qxd6 13. Qxd6 Nxd6 14. Bxc6 bxc6
15. Bc5 Rd8 16. O-O-O Nb7 17. Rxd8+ Nxd8 18. Rd1 Ne6 19. Be7 f6 20. Na4 Kf7 21.
Ba3 Nf4 22. Rd8 Nxg2 23. Bd6 Nf4 24. Nc5 Ne6 25. Nxe6 Kxe6 26. Bc5 1-0

[Event "XVIII Festival A"]
[Site "Campobasso ITA"]
[Date "2011.07.24"]
[Round "5"]
[White "Doronzo, Michele"]
[Black "Pescatore, Lorenzo"]
[Result "0-1"]
[WhiteElo "1952"]
[BlackElo "2121"]
[PlyCount "74"]
[EventDate "2011.07.22"]

1. d4 Nf6 2. c4 e6 3. Nf3 b6 4. g3 Bb7 5. Bg2 d5 6. cxd5 exd5 7. O-O Nbd7 8.
Bf4 Be7 9. Nc3 c6 10. Rc1 O-O 11. Qc2 Re8 12. Rfe1 Rc8 13. Qb1 h6 14. Qf5 b5
15. Nd2 Nb6 16. Rcd1 Ra8 17. Qc2 Nh5 18. Nf3 Nc4 19. Bc1 Nf6 20. Nd2 c5 21.
Nxc4 bxc4 22. dxc5 Bxc5 23. Nxd5 Bxd5 24. Bxd5 Nxd5 25. e4 Qa5 26. Qxc4 Nb6 27.
Qb3 Rad8 28. a3 Qa4 29. Qxa4 Nxa4 30. Rxd8 Rxd8 31. Kg2 Rd3 32. b4 Bd4 33. Re2
Nc3 34. Re1 Na2 35. Bf4 Rxa3 36. Bd6 Rd3 37. Re2 Nc3 0-1

[Event "XVIII Festival A"]
[Site "Campobasso ITA"]
[Date "2011.07.24"]
[Round "5"]
[White "Dragojlovic, Andjelko"]
[Black "Mrdja, Milan"]
[Result "0-1"]
[WhiteElo "2380"]
[BlackElo "2389"]
[PlyCount "63"]
[EventDate "2011.07.22"]

1. e4 c5 2. Nf3 d6 3. d4 cxd4 4. Qxd4 a6 5. Bg5 Nc6 6. Qd2 h6 7. Bh4 g5 8. Bg3
Bg7 9. Nc3 Be6 10. Be2 Rb8 11. O-O Qa5 12. Rfd1 Nf6 13. a3 Nh5 14. Nd5 Nxg3 15.
hxg3 g4 16. Nh4 Qxd2 17. Rxd2 Nd4 18. Bd1 h5 19. c3 Nc6 20. Nf5 Be5 21. Ba4 Kf8
22. Re1 Bxd5 23. exd5 Na5 24. Rde2 Rg8 25. Bc2 Nc4 26. Bd3 Nb6 27. Ne3 Na4 28.
Bc2 Nb6 29. a4 Rc8 30. Bb3 Rc7 31. f4 gxf3 32. gxf3 0-1

[Event "XVIII Festival A"]
[Site "Campobasso ITA"]
[Date "2011.07.24"]
[Round "5"]
[White "Galasso, Luigi"]
[Black "Capozzi, Virgilio"]
[Result "1-0"]
[WhiteElo "2030"]
[BlackElo "2029"]
[PlyCount "49"]
[EventDate "2011.07.22"]

1. c4 Nf6 2. Nc3 c5 3. g3 g6 4. Bg2 Bg7 5. Nf3 Nc6 6. O-O O-O 7. d4 cxd4 8.
Nxd4 Nxd4 9. Qxd4 d6 10. Qd3 Nd7 11. b3 Nc5 12. Qd2 a5 13. Bb2 a4 14. Nd5 e6
15. Bxg7 Kxg7 16. Qc3+ f6 17. Ne3 axb3 18. axb3 Rb8 19. Nc2 Qe7 20. Rfd1 Rd8
21. Rd2 b5 22. cxb5 Rxb5 23. Nd4 Rb6 24. b4 Na6 25. Qe3 1-0

[Event "XVIII Festival A"]
[Site "Campobasso ITA"]
[Date "2011.07.24"]
[Round "5"]
[White "Gaponenko, Inna"]
[Black "Mirzoev, Azer"]
[Result "1/2-1/2"]
[WhiteElo "2442"]
[BlackElo "2415"]
[PlyCount "92"]
[EventDate "2011.07.22"]

1. e4 e5 2. Nf3 Nc6 3. Bc4 Bc5 4. O-O Nf6 5. d4 Bxd4 6. Nxd4 Nxd4 7. f4 d6 8.
fxe5 dxe5 9. Bg5 Qe7 10. Na3 Be6 11. Bxf6 gxf6 12. c3 Nc6 13. Qf3 Bxc4 14. Nxc4
Qc5+ 15. Ne3 f5 16. exf5 O-O-O 17. Rad1 a5 18. a4 Kb8 19. h3 Ne7 20. f6 Ng6 21.
Kh1 h5 22. Qe4 h4 23. Nc4 b6 24. Kh2 Rhg8 25. b3 Rxd1 26. Rxd1 Qf2 27. Qf3 Qxf3
28. gxf3 Kc8 29. b4 axb4 30. cxb4 Re8 31. a5 bxa5 32. bxa5 Re6 33. Rd5 Kb7 34.
Rb5+ Kc6 35. Rb8 Kc5 36. Nd2 Kd4 37. Ne4 Ra6 38. Rc8 Rxa5 39. Rxc7 Ra2+ 40. Kh1
Ke3 41. Rxf7 Kxf3 42. Rg7 Kxe4 43. Rxg6 Rf2 44. Kg1 Ke3 45. Rh6 e4 46. Rxh4
Rxf6 1/2-1/2

[Event "XVIII Festival A"]
[Site "Campobasso ITA"]
[Date "2011.07.24"]
[Round "5"]
[White "Gatti, Francesco"]
[Black "Distaso, Antonio"]
[Result "0-1"]
[WhiteElo "1790"]
[BlackElo "2022"]
[PlyCount "36"]
[EventDate "2011.07.22"]

1. e4 c5 2. Nf3 Nc6 3. d4 cxd4 4. Nxd4 g6 5. Nc3 Bg7 6. Be3 Nf6 7. f3 O-O 8.
Qd2 d5 9. O-O-O Nxd4 10. Bxd4 dxe4 11. fxe4 Be6 12. Be2 Qa5 13. Kb1 Nxe4 14.
Qe3 Nxc3+ 15. Qxc3 Qxa2+ 16. Kc1 Bh6+ 17. Be3 Rfd8 18. b3 Bxe3+ 0-1

[Event "XVIII Festival A"]
[Site "Campobasso ITA"]
[Date "2011.07.24"]
[Round "5"]
[White "Grasso, Nino"]
[Black "Petruccioli, Antonio"]
[Result "1-0"]
[WhiteElo "1987"]
[BlackElo "2104"]
[PlyCount "102"]
[EventDate "2011.07.22"]

1. e4 c5 2. d4 cxd4 3. c3 d3 4. Bxd3 b6 5. Nf3 Bb7 6. c4 Na6 7. Nc3 Nc5 8. Bc2
a5 9. O-O h5 10. Ng5 e6 11. f4 Be7 12. e5 g6 13. g4 Bxg5 14. fxg5 Qc7 15. Nb5
Qc6 16. Nd6+ Kd8 17. Nxf7+ Kc8 18. Nd6+ Kb8 19. Nxb7 Kxb7 20. Qd6 hxg4 21. Be3
Ne7 22. Bxc5 Qxc5+ 23. Qxc5 bxc5 24. Rf7 Nc6 25. Be4 Kc7 26. Bxc6 Kxc6 27. Rd1
Rad8 28. Rd6+ Kc7 29. Rxe6 Rhe8 30. Ree7 Rxe7 31. Rxe7 Rb8 32. b3 Rb6 33. Rg7
Kd8 34. Kf2 a4 35. bxa4 Rb2+ 36. Kg3 Rxa2 37. Rxg6 Rxa4 38. Kxg4 Rxc4+ 39. Kf5
Rc2 40. h4 c4 41. Rd6 Rf2+ 42. Kg6 Kc7 43. h5 c3 44. Rd1 c2 45. Rc1 Kd8 46. h6
Ke8 47. Ra1 Rf8 48. h7 Ke7 49. Kh6 Rc8 50. g6 c1=Q+ 51. Rxc1 Rxc1 1-0

[Event "XVIII Festival A"]
[Site "Campobasso ITA"]
[Date "2011.07.24"]
[Round "5"]
[White "Ikonnikov, Vyacheslav"]
[Black "Kunin, Vitaly"]
[Result "1-0"]
[WhiteElo "2553"]
[BlackElo "2562"]
[PlyCount "111"]
[EventDate "2011.07.22"]

1. d4 d6 2. Nf3 Bg4 3. c4 Nd7 4. e4 Bxf3 5. Qxf3 g6 6. Nc3 Bg7 7. Qd1 c5 8. Be3
Qb6 9. Nd5 Qa5+ 10. Bd2 Qd8 11. dxc5 dxc5 12. Qa4 e6 13. Ba5 b6 14. Bc3 Bd4 15.
Bxd4 cxd4 16. Nb4 Ne7 17. O-O-O e5 18. f4 O-O 19. fxe5 Nxe5 20. Kb1 a6 21. Be2
Qd6 22. Nd5 N7c6 23. Nxb6 Rab8 24. Nd5 d3 25. Bxd3 Qc5 26. Qc2 Rb7 27. Rd2 Nb4
28. Qc3 Nbxd3 29. Rxd3 f6 30. Nxf6+ Rxf6 31. Rd5 Qf8 32. Qxe5 Rf2 33. b3 Rxg2
34. Rhd1 Re7 35. Qd4 Qf3 36. e5 Qe2 37. Rd2 Qe1+ 38. Kb2 Rxd2+ 39. Qxd2 Qe4 40.
Qg5 Rf7 41. Ka3 Qe1 42. Qd2 Qe4 43. Rd8+ Kg7 44. Qd5 Qe1 45. e6 Rf5 46. Qd4+
Kh6 47. Qd2+ Qxd2 48. Rxd2 Re5 49. b4 Rxe6 50. b5 Kg5 51. Kb4 axb5 52. cxb5 Kf5
53. a4 Re4+ 54. Ka5 Kf4 55. b6 Ke3 56. Rb2 1-0

[Event "XVIII Festival A"]
[Site "Campobasso ITA"]
[Date "2011.07.24"]
[Round "5"]
[White "Lattanzio, Savino"]
[Black "Seletsky, Grigory"]
[Result "1-0"]
[WhiteElo "2061"]
[BlackElo "2296"]
[PlyCount "145"]
[EventDate "2011.07.22"]

1. e4 Nf6 2. e5 Nd5 3. d4 d6 4. Nf3 Bg4 5. Be2 c6 6. c4 Nb6 7. exd6 exd6 8. O-O
Be7 9. b3 O-O 10. Nc3 d5 11. c5 N6d7 12. Bf4 Bf6 13. Qd2 Re8 14. Rfe1 Nf8 15.
b4 Ne6 16. Be3 Nd7 17. h3 Bxf3 18. Bxf3 g6 19. Reb1 Bg7 20. Ne2 f5 21. b5 Nf6
22. bxc6 bxc6 23. Rb7 Ne4 24. Bxe4 dxe4 25. Rd1 Qd5 26. Nf4 Nxf4 27. Bxf4 a5
28. Qb2 Bf8 29. Qb6 a4 30. Bg5 Rec8 31. a3 Qb3 32. Qxb3+ axb3 33. Rxb3 Rcb8 34.
Rdb1 Rxb3 35. Rxb3 Bg7 36. Be3 Ra4 37. Rb8+ Kf7 38. Rb7+ Kg8 39. d5 cxd5 40. c6
Rxa3 41. g3 Be5 42. c7 Ra8 43. Bf4 Bxc7 44. Rxc7 d4 45. Rd7 d3 46. g4 Ra5 47.
gxf5 Rxf5 48. Be3 Re5 49. Kg2 g5 50. Kg3 h5 51. h4 gxh4+ 52. Kxh4 Kf8 53. Kg3
Ke8 54. Rd4 Kf7 55. Kf4 Re6 56. Rxe4 Rd6 57. Bd2 Kg6 58. Ke3 Kf5 59. Rf4+ Kg5
60. Kf3 Kg6 61. Ke4 Rd7 62. Rh4 Ra7 63. Kxd3 Ra3+ 64. Ke2 Ra2 65. Rd4 Kf5 66.
Ke3 Ra3+ 67. Rd3 Ra4 68. Rd5+ Kg6 69. f4 h4 70. Rg5+ Kf6 71. Kf3 h3 72. Rg3
Ra3+ 73. Be3 1-0

[Event "XVIII Festival A"]
[Site "Campobasso ITA"]
[Date "2011.07.24"]
[Round "5"]
[White "Ljubisavljevic, Zivojin Z."]
[Black "Santeramo, Domenico"]
[Result "1-0"]
[WhiteElo "2214"]
[BlackElo "1967"]
[PlyCount "83"]
[EventDate "2011.07.22"]

1. d4 d5 2. c3 Nf6 3. Bg5 Ne4 4. Bf4 c6 5. f3 Nf6 6. Nd2 Bf5 7. Qb3 Qc8 8. g4
Bg6 9. h4 h6 10. Nh3 Nbd7 11. Nf2 Nb6 12. Bh3 e6 13. a4 Nc4 14. Bg2 Nxd2 15.
Kxd2 Nd7 16. h5 Bh7 17. g5 hxg5 18. Bxg5 Qc7 19. Be3 Nb6 20. Ke1 Nc4 21. Bc1
Bd6 22. e3 O-O-O 23. Bf1 Nb6 24. a5 Nd7 25. a6 b6 26. f4 Bg6 27. hxg6 Rxh1 28.
Nxh1 Rh8 29. Nf2 f6 30. c4 dxc4 31. Qxc4 e5 32. fxe5 fxe5 33. Bh3 exd4 34. Qxd4
Bg3 35. Ke2 Bxf2 36. Qxd7+ Qxd7 37. Bxd7+ Kxd7 38. Kxf2 Rh6 39. Ra4 Rxg6 40.
Rd4+ Ke8 41. Bd2 c5 42. Re4+ 1-0

[Event "XVIII Festival A"]
[Site "Campobasso ITA"]
[Date "2011.07.24"]
[Round "5"]
[White "Marmili, Giulio"]
[Black "Voiteanu, Gabriel"]
[Result "0-1"]
[WhiteElo "2165"]
[BlackElo "2313"]
[PlyCount "82"]
[EventDate "2011.07.22"]

1. Nf3 Nf6 2. c4 g6 3. g3 Bg7 4. Bg2 O-O 5. O-O d5 6. d3 c5 7. Qc2 d4 8. e3 Nc6
9. exd4 cxd4 10. Re1 Bf5 11. a3 a5 12. b3 Rc8 13. Nbd2 b5 14. Nh4 Bg4 15. Qa2
b4 16. Bxc6 Rxc6 17. axb4 axb4 18. Qa5 Nd7 19. f3 Be6 20. Ne4 h6 21. Bd2 Qxa5
22. Rxa5 g5 23. Ng2 Ne5 24. Rxe5 Bxe5 25. Bxb4 Rb8 26. Bxe7 Rb7 27. Bf6 Bxf6
28. Nxf6+ Kg7 29. Ne4 Rxb3 30. Rd1 f5 31. Nf2 Ra6 32. h4 Ra2 33. hxg5 hxg5 34.
f4 Rbb2 35. Rf1 g4 36. Ne1 Bd7 37. Ng2 Bc6 38. Ne1 Rd2 39. Ng2 Rxd3 40. Nh4
Rxg3+ 41. Kh2 Rh3+ 0-1